The Science Love Song - Statistics

General Stats
  • This quiz has been taken 5 times
  • The average score is 155 of 295
Answer Stats
Answer % Correct
a
100%
A
100%
be
100%
C,
100%
G
100%
I
100%
T.
100%
my
80%
that
80%
that.
80%
the
80%
We
80%
we
80%
you
80%
you.
80%
you'll
80%
your
80%
Your
80%
an
60%
and
60%
base.
60%
base,
60%
can
60%
can't
60%
chemical
60%
contained.
60%
distance
60%
edge
60%
every
60%
finger
60%
fix
60%
flame.
60%
flow
60%
go.
60%
go
60%
heart.
60%
heart
60%
if
60%
If
60%
I'll
60%
in
60%
is
60%
love
60%
love,
60%
matter
60%
mutation
60%
no
60%
nuclease.
60%
reaction
60%
science
60%
so
60%
song.
60%
space.
60%
spark
60%
star,
60%
Start
60%
start
60%
there
60%
there's
60%
To
60%
to
60%
universe.
60%
will
60%
work
60%
wormholes,
60%
would
60%
wouldn't
60%
annotations
40%
apart.
40%
as
40%
at
40%
atom,
40%
Balance
40%
balance
40%
because
40%
bibliography)
40%
big
40%
bond.
40%
bond
40%
boom
40%
brain
40%
by
40%
comes
40%
conclusion
40%
deal.
40%
dial.
40%
do
40%
don't
40%
endeavor.
40%
fast
40%
first
40%
for
40%
I'd
40%
know
40%
like
40%
Like
40%
of
40%
our
40%
pH
40%
place
40%
really
40%
research
40%
rip
40%
seals
40%
sharing
40%
significant
40%
slow,
40%
This
40%
together.
40%
together
40%
us
40%
we'll
40%
When
40%
where
40%
(with
40%
write
40%
you're
40%
zinc
40%
acute
20%
all
20%
angle,
20%
away
20%
broke
20%
but
20%
But,
20%
certainty
20%
covalent
20%
Cuz
20%
cuz
20%
die,
20%
doesn't
20%
electron
20%
equation
20%
Except
20%
fall
20%
feel.
20%
Give
20%
goggles
20%
gravity,
20%
H2O
20%
H2SO4.
20%
it
20%
Just
20%
labcoat
20%
last
20%
lie
20%
me.
20%
more
20%
more.
20%
movies,
20%
need
20%
or
20%
out.
20%
Share
20%
smart.
20%
space-time
20%
statistically
20%
steal
20%
still
20%
straight
20%
succeed
20%
take
20%
Take
20%
that's
20%
then
20%
times,
20%
try
20%
try.
20%
two
20%
two.
20%
Unless,
20%
up,
20%
up
20%
want
20%
won't
20%
works
20%
you'd
20%
yours
20%
failiure's
0%
size
0%
No matching quizzes found
Score Distribution
Percent of People with Each Score
Percentile by Number Answered
Your Score History
You have not taken this quiz